00446nam a2200133 a 450000500170000000800410001705000240005810000220008224501190010426000430022330000100026644000240027665000120030020140412111241.0010328s19uu xx 00 eng d aTR(GS 414bG73 1990 aGregoria, Barbara aRhyming families, grades 1-3 /cwritten by Barbara Gregorich ; edited by Joan Hoffman ; illustrated by Chris Cook. bSchool Zone Publishing Company,c1990. a32 p. aAn "I Know It" Book aPhonics